| 000 | 00635nam a22002057a 4500 | ||
|---|---|---|---|
| 003 | OSt | ||
| 005 | 20260416105015.0 | ||
| 008 | 260416b |||||||| |||| 00| 0 eng d | ||
| 020 | _a9781305577206 Hb. Bp. | ||
| 040 |
_aMMSU _cULS |
||
| 050 | _aQD 415 G37 2017 CASAT | ||
| 100 | _aGarrett, Reginald H. | ||
| 245 |
_aBiochemistry / _cReginald H. Garrett, Charles M. Grisham. |
||
| 250 | _aSixth edition. | ||
| 260 |
_aAustralia : _bCengage Learning, _c2017. |
||
| 300 |
_axxxvi, 1,218 pages : _billustrations ; _c29 cm. |
||
| 504 | _aIncludes bibliographical references and index. | ||
| 650 |
_aBiochemistry. _9601 |
||
| 942 |
_2lcc _cBK |
||
| 999 |
_c29018 _d29018 |
||